<?xml version="1.0" encoding="UTF-8"?>
<record
    xmlns:xsi="http://www.w3.org/2001/XMLSchema-instance"
    xsi:schemaLocation="http://www.loc.gov/MARC21/slim http://www.loc.gov/standards/marcxml/schema/MARC21slim.xsd"
    xmlns="http://www.loc.gov/MARC21/slim">

  <leader>00382    a2200109   4500</leader>
  <controlfield tag="001">ART_5574</controlfield>
  <controlfield tag="005">20260410161827.0</controlfield>
  <controlfield tag="008">260409a                                 </controlfield>
  <datafield tag="245" ind1="1" ind2="0">
    <subfield code="a">Fuentes de crecimiento de la agricultura argentina y perspectivas para la d&#xE9;cada del noventa</subfield>
  </datafield>
  <datafield tag="100" ind1="1" ind2=" ">
    <subfield code="a">Penna, Julio A.</subfield>
  </datafield>
  <datafield tag="773" ind1="0" ind2=" ">
    <subfield code="t">Estudios Econ&#xF3;micos</subfield>
    <subfield code="g">- Vol. 4, N&#xBA; 7/8 (ene./dic. 1986)</subfield>
    <subfield code="w">REV5080</subfield>
  </datafield>
  <datafield tag="999" ind1=" " ind2=" ">
    <subfield code="c">22916</subfield>
    <subfield code="d">22916</subfield>
  </datafield>
</record>
